000 00424nam a2200181Ia 4500
001 22716
005 20260414150849.0
008 260414t2016||||xx |||||||||||||| ||spa||
041 _aESP
082 _a621.38456
_bV917
100 _aVarrall, Geoff
_eAUT
245 0 _a5G spectrum and standards
_b
260 _c2016
300 _a336 páginas :
_c24 cm.
650 _aTCA
654 _aCET
942 _cLIB
_dJUS
_fJUS
_2ddc
_n
999 _c22716
_d22716